[Event "Medjimurje Cup"]
[Site "Croatia "]
[Date "2020.03.01"]
[Round "4.1"]
[White "Horvat, Denis"]
[Black "Hergotic, Ivica"]
[Result "1/2-1/2"]
[WhiteElo "1595"]
[BlackElo "2082"]
[PlyCount "119"]
[EventDate "2020.02.09"]
[EventType "team-swiss"]
[EventRounds "6"]
[EventCountry "CRO"]
[SourceTitle "CBM 195 Extra"]
[Source "ChessBase"]
[SourceDate "2020.05.31"]
[SourceVersion "1"]
[SourceVersionDate "2020.05.31"]
[SourceQuality "1"]

1. e4 c5 2. Nf3 Nc6 3. d4 cxd4 4. Nxd4 e5 5. Nb5 a6 6. Nd6+ Bxd6 7. Qxd6 Qe7 8. Qxe7+ Ngxe7 9. Be3 d5 10. exd5 Nxd5 11. c4 Nxe3 12. fxe3 Bf5 13. Nc3 e4 14. 0-0-0 Rc8 15. h3 Ne5 16. Rd4 Nc6 17. Rd2 h5 18. Be2 Rh6 19. Rf1 Bh7 20. g4 hxg4 21. Bxg4 f5 22. Bxf5 Bxf5 23. Rxf5 Ne7 24. Re5 Rxc4 25. Rg2 g6 26. Rg3 Kf7 27. Rxe4 Rxe4 28. Nxe4 b6 29. Kd2 Ke6 30. Ng5+ Kd5 31. e4+ Kc5 32. Rc3+ Kb5 33. Rc7 Nc6 34. Rh7 Rxh7 35. Nxh7 Kc4 36. Ke3 a5 37. h4 a4 38. Nf8 Ne5 39. b3+ axb3 40. axb3+ Kxb3 41. Kf4 Nd3+ 42. Kg5 Kc4 43. Nxg6 b5 44. h5 b4 45. h6 b3 46. h7 b2 47. h8Q b1Q 48. Ne5+ Kd4 49. Nxd3+ Kxe4 50. Nf2+ Kd5 51. Qd8+ Kc4 52. Qc7+ Kb3 53. Qb6+ Ka2 54. Qa6+ Kb2 55. Qe2+ Ka1 56. Nd1 Qc1+ 57. Kg4 Qc8+ 58. Kg3 Qc7+ 59. Kg2 Qc2 60. Qxc2 1/2-1/2

[Event "Medimurska CupT"]
[Site "Croatia"]
[Date "2019.03.10"]
[Round "5.6"]
[White "Hergotic, Ivica"]
[Black "Zizek, Sinisa"]
[Result "1-0"]
[WhiteElo "2039"]
[BlackElo "1857"]
[PlyCount "47"]
[EventDate "2019.02.10"]
[EventType "team-swiss"]
[EventRounds "6"]
[EventCountry "CRO"]
[SourceTitle "EXT 2020"]
[Source "ChessBase"]
[SourceDate "2019.10.17"]
[SourceVersion "1"]
[SourceVersionDate "2019.10.17"]
[SourceQuality "1"]

1. e4 c5 2. f4 d6 3. Nf3 Nf6 4. Nc3 Nc6 5. Bb5 a6 6. Bxc6+ bxc6 7. 0-0 e6 8. d3 Be7 9. e5 Nd5 10. Ne4 0-0 11. Qe2 a5 12. c4 Nb6 13. exd6 Bxd6 14. Be3 Qe7 15. Rad1 Rd8 16. Nfg5 f6 17. Nxd6 Qxd6 18. Ne4 Qb8 19. Nxc5 e5 20. f5 Qc7 21. Qf2 Rb8 22. b3 Bd7 23. d4 exd4 24. Bf4 1-0

[Event "Medimurska CupT"]
[Site "Croatia"]
[Date "2019.02.24"]
[Round "3.4"]
[White "Hergotic, Ivica"]
[Black "Toplak, Juraj"]
[Result "1-0"]
[WhiteElo "2039"]
[BlackElo "2033"]
[PlyCount "79"]
[EventDate "2019.02.10"]
[EventType "team-swiss"]
[EventRounds "6"]
[EventCountry "CRO"]
[SourceTitle "EXT 2020"]
[Source "ChessBase"]
[SourceDate "2019.10.17"]
[SourceVersion "1"]
[SourceVersionDate "2019.10.17"]
[SourceQuality "1"]

1. e4 Nf6 2. Bc4 e6 3. e5 Nd5 4. Bxd5 exd5 5. d4 d6 6. Bf4 dxe5 7. Bxe5 Nc6 8. Bg3 Bd6 9. Ne2 h5 10. 0-0 h4 11. Bxd6 Qxd6 12. Re1 Be6 13. a4 g5 14. Ra3 0-0-0 15. Qd2 Rdg8 16. Nbc3 f5 17. a5 Bd7 18. Na4 f4 19. Nc5 Rf8 20. Nxd7 Kxd7 21. f3 h3 22. g4 Re8 23. Rb3 b6 24. axb6 axb6 25. Qd3 Qe6 26. Kf2 Na5 27. Rc3 Nc4 28. b3 Nd6 29. Ra1 Qh6 30. Ra7 Rc8 31. Qa6 Qe6 32. Qa4+ b5 33. Qa5 Nc4 34. Qxb5+ Kd8 35. bxc4 Re8 36. Qxd5+ Qxd5 37. cxd5 Kd7 38. d6 Kxd6 39. Ra5 Re6 40. Rxg5 1-0

[Event "Medjimurske Team Cup"]
[Site "Nedelisce"]
[Date "2018.03.18"]
[Round "6.2"]
[White "Hergotic, Ivica"]
[Black "Koren, Franjo"]
[Result "1/2-1/2"]
[WhiteElo "2077"]
[BlackElo "1860"]
[PlyCount "92"]
[EventDate "2018.02.11"]
[EventType "team-swiss"]
[EventRounds "6"]
[EventCountry "CRO"]
[SourceTitle "CBM 183 Extra"]
[Source "ChessBase"]
[SourceDate "2018.04.19"]
[SourceVersion "1"]
[SourceVersionDate "2018.04.19"]
[SourceQuality "1"]

1. e4 e6 2. d4 c5 3. c3 d5 4. exd5 exd5 5. Be3 Qb6 6. b3 cxd4 7. Bxd4 Qe6+ 8. Be2 Nf6 9. Nf3 Be7 10. 0-0 0-0 11. Re1 Nc6 12. Bxf6 Bxf6 13. Bc4 Qf5 14. Qxd5 Qxd5 15. Bxd5 Bd7 16. a4 Rfe8 17. Rd1 Rad8 18. Ra2 Bf5 19. Rad2 Bxb1 20. Rxb1 Bxc3 21. Bxc6 bxc6 22. Rc2 Rd3 23. Kf1 c5 24. Re2 Red8 25. Re3 Rxe3 26. fxe3 f6 27. Ke2 g5 28. g4 Kf7 29. Rd1 Rxd1 30. Kxd1 Ke6 31. e4 Kd6 32. Kc2 Ba1 33. Kd3 Be5 34. Kc4 a6 35. b4 cxb4 36. Kxb4 Kc6 37. h4 h6 38. hxg5 hxg5 39. a5 Bd6+ 40. Kc4 Be5 41. Nd2 Bf4 42. Nb3 Be3 43. Kd3 Bf2 44. Kc4 Be3 45. Na1 Bd2 46. Nb3 Be3 1/2-1/2

[Event "CRO-chT3 Centar-B"]
[Site "Croatia"]
[Date "2017.05.07"]
[Round "3.4"]
[White "Hergotic, Ivica"]
[Black "Spiranec, Noemi"]
[Result "1-0"]
[WhiteElo "2073"]
[BlackElo "2024"]
[PlyCount "115"]
[EventDate "2017.04.02"]
[EventType "team-tourn"]
[EventRounds "9"]
[EventCountry "CRO"]
[SourceTitle "EXT 2019"]
[Source "ChessBase"]
[SourceDate "2018.10.10"]
[SourceVersion "1"]
[SourceVersionDate "2018.10.10"]
[SourceQuality "1"]

1. e4 c5 2. f4 e6 3. Nf3 d5 4. e5 Be7 5. Bb5+ Bd7 6. Qe2 a6 7. Bxd7+ Nxd7 8. f5 Nh6 9. fxe6 fxe6 10. d3 Nf5 11. g4 Nh4 12. 0-0 0-0 13. Nxh4 Bxh4 14. Nd2 Qg5 15. Nf3 Qxg4+ 16. Qg2 Qxg2+ 17. Kxg2 Be7 18. c3 Rf5 19. d4 cxd4 20. cxd4 Rc8 21. Be3 Rc2+ 22. Rf2 Rc8 23. Rc1 Rff8 24. Rfc2 Nb6 25. Bg5 Rxc2+ 26. Rxc2 Bxg5 27. Nxg5 Nc4 28. Rc3 Re8 29. b3 Na5 30. Rc7 h6 31. Nf3 Kf8 32. b4 Nc6 33. Rxb7 Rb8 34. Rc7 Nxb4 35. a3 Nd3 36. Rc6 Nf4+ 37. Kg3 g5 38. h4 Rb2 39. hxg5 hxg5 40. Nxg5 Ne2+ 41. Kg4 Nxd4 42. Nxe6+ Nxe6 43. Rxe6 a5 44. Ra6 Ke7 45. Kf4 Rb1 46. a4 Rf1+ 47. Ke3 Re1+ 48. Kd4 Rd1+ 49. Kc5 d4 50. Kd5 d3 51. Ra7+ Kf8 52. Ke6 d2 53. Rd7 Kg8 54. Rd5 Kf8 55. Kd6 Ra1 56. Rxd2 Rxa4 57. Kd7 Re4 58. e6 1-0

[Event "CRO-chT3 Centar-B"]
[Site "Croatia"]
[Date "2017.04.02"]
[Round "1.3"]
[White "Hergotic, Ivica"]
[Black "Zadravec, Stjepan"]
[Result "1/2-1/2"]
[WhiteElo "2073"]
[BlackElo "1912"]
[PlyCount "91"]
[EventDate "2017.04.02"]
[EventType "team-tourn"]
[EventRounds "9"]
[EventCountry "CRO"]
[SourceTitle "EXT 2019"]
[Source "ChessBase"]
[SourceDate "2018.10.10"]
[SourceVersion "1"]
[SourceVersionDate "2018.10.10"]
[SourceQuality "1"]

1. e4 c5 2. Bc4 e6 3. Nc3 Nc6 4. a3 a6 5. a4 Nf6 6. Nf3 d5 7. exd5 exd5 8. Ba2 Nb4 9. 0-0 Be7 10. d3 0-0 11. h3 Bf5 12. Nh4 Be6 13. Ne2 Nxa2 14. Rxa2 Qc7 15. Bf4 Bd6 16. Bxd6 Qxd6 17. Ng3 Qf4 18. Nf3 d4 19. Ra1 Bd5 20. Qd2 Qxd2 21. Nxd2 Rfe8 22. Rfe1 Kf8 23. f3 Rac8 24. b3 g6 25. a5 Nd7 26. Nge4 Re6 27. Ng5 Rxe1+ 28. Rxe1 h6 29. Nge4 Bxe4 30. Nxe4 Rc6 31. Rb1 f5 32. Nd2 b5 33. axb6 Nxb6 34. Ra1 Nd5 35. Nc4 Nb4 36. Kf2 Kg7 37. Rc1 Na2 38. Re1 Nb4 39. Re2 Kf6 40. Ne5 Re6 41. f4 g5 42. g3 gxf4 43. gxf4 Nd5 44. Kf3 Ne3 45. c4 Ke7 46. Ra2 1/2-1/2

[Event "CRO-chT3B Center North"]
[Site "Croatia"]
[Date "2013.10.06"]
[Round "6.2"]
[White "Hergotic, Ivica"]
[Black "Slamar, Velimir"]
[Result "0-1"]
[WhiteElo "2117"]
[BlackElo "2173"]
[PlyCount "62"]
[EventDate "2013.04.14"]
[EventType "team-tourn"]
[EventRounds "9"]
[EventCountry "CRO"]
[SourceTitle "EXT 2019"]
[Source "ChessBase"]
[SourceDate "2018.10.10"]
[SourceVersion "1"]
[SourceVersionDate "2018.10.10"]
[SourceQuality "1"]

1. e4 e5 2. Nf3 Nc6 3. Bc4 Nf6 4. Nc3 Be7 5. 0-0 0-0 6. a3 d6 7. h3 Be6 8. Be2 Re8 9. Bb5 Bf8 10. Bxc6 bxc6 11. d3 Bd7 12. Bg5 h6 13. Bh4 g5 14. Bg3 Bg7 15. h4 Nh5 16. hxg5 hxg5 17. Nh2 Nf4 18. Bxf4 gxf4 19. Qh5 Qf6 20. g4 fxg3 21. fxg3 Qg6 22. Qh4 Bh6 23. Rf3 Bg5 24. Kf2 Bxh4 25. gxh4 Qh5 26. Rg3+ Kh8 27. Nf3 Rg8 28. Ne2 Rg4 29. Rxg4 Bxg4 30. Ng3 Qh6 31. Ng5 Rf8 0-1

[Event "CRO-chT3B Center North"]
[Site "Croatia"]
[Date "2013.05.05"]
[Round "4.1"]
[White "Hergotic, Ivica"]
[Black "Nagrajsalovic, Miroslav"]
[Result "1/2-1/2"]
[WhiteElo "2117"]
[BlackElo "2223"]
[PlyCount "72"]
[EventDate "2013.04.14"]
[EventType "team-tourn"]
[EventRounds "9"]
[EventCountry "CRO"]
[SourceTitle "EXT 2019"]
[Source "ChessBase"]
[SourceDate "2018.10.10"]
[SourceVersion "1"]
[SourceVersionDate "2018.10.10"]
[SourceQuality "1"]

1. e4 Nf6 2. e5 Nd5 3. d4 d6 4. f4 Nb6 5. Nf3 dxe5 6. fxe5 Bg4 7. Be2 e6 8. 0-0 c5 9. Ng5 Bf5 10. c3 Be7 11. Nxf7 Kxf7 12. g4 g6 13. gxf5 gxf5 14. Bh5+ Kg7 15. Bf7 Rf8 16. Bxe6 Nc6 17. Qh5 Kh8 18. Rf3 Qe8 19. Qxe8 Raxe8 20. Be3 f4 21. Rxf4 Rxf4 22. Bxf4 cxd4 23. Bf7 Rd8 24. Nd2 Kg7 25. Bb3 dxc3 26. bxc3 Nd5 27. Bxd5 Rxd5 28. Re1 Ra5 29. Nc4 Rxa2 30. Nd6 a5 31. Re3 Bxd6 32. exd6 a4 33. d7 Ra1+ 34. Kf2 Rd1 35. Re4 Rxd7 36. Rxa4 Kf6 1/2-1/2

[Event "CRO-chT3B Center North"]
[Site "Croatia"]
[Date "2011.05.07"]
[Round "4.31"]
[White "Hergotic, Ivica"]
[Black "Slamar, Velimir"]
[Result "1/2-1/2"]
[WhiteElo "2058"]
[BlackElo "2202"]
[PlyCount "99"]
[EventDate "2011.03.26"]
[EventType "team-tourn"]
[EventRounds "9"]
[EventCountry "CRO"]
[SourceTitle "EXT 2014"]
[Source "ChessBase"]
[SourceDate "2013.11.20"]
[SourceVersion "1"]
[SourceVersionDate "2013.11.20"]
[SourceQuality "1"]

1. e4 c6 2. f4 d5 3. e5 Bf5 4. d4 e6 5. Bd3 Bxd3 6. Qxd3 Qa5+ 7. Nd2 Qa6 8. Qf3 Ne7 9. g4 h5 10. h3 hxg4 11. hxg4 Rxh1 12. Qxh1 Nd7 13. Ngf3 c5 14. Qh5 cxd4 15. Ng5 Nxe5 16. fxe5 Ng6 17. Ndf3 Bb4+ 18. Bd2 Bxd2+ 19. Nxd2 Rc8 20. Qh7 Kf8 21. Qh2 Rxc2 22. Qf2 Nxe5 23. Qxd4 f6 24. Nh3 Kg8 25. Ng1 Rxb2 26. a4 Rb4 27. Qc3 Rxg4 28. Ngf3 Nxf3+ 29. Qxf3 Rxa4 30. Rc1 Ra1 31. Rd1 Rxd1+ 32. Kxd1 Qa1+ 33. Kc2 Qe5 34. Qb3 Qc7+ 35. Kd1 Qc6 36. Qh3 d4 37. Qg4 Qd5 38. Nf3 Qb3+ 39. Ke1 Qe3+ 40. Kf1 d3 41. Qh5 Kf8 42. Qh8+ Kf7 43. Qh5+ Ke7 44. Qg4 Qc1+ 45. Kf2 Qb2+ 46. Kg3 f5 47. Qc4 d2 48. Qc7+ Kf6 49. Qd8+ Kg6 50. Qe8+ 1/2-1/2

[Event "CRO-chT3B Center North"]
[Site "Croatia"]
[Date "2011.03.26"]
[Round "1.21"]
[White "Nagrajsalovic, Miroslav"]
[Black "Hergotic, Ivica"]
[Result "0-1"]
[WhiteElo "2266"]
[BlackElo "2058"]
[PlyCount "62"]
[EventDate "2011.03.26"]
[EventType "team-tourn"]
[EventRounds "9"]
[EventCountry "CRO"]
[SourceTitle "EXT 2014"]
[Source "ChessBase"]
[SourceDate "2013.11.20"]
[SourceVersion "1"]
[SourceVersionDate "2013.11.20"]
[SourceQuality "1"]

1. e4 e5 2. Nf3 Nc6 3. Bc4 Bc5 4. c3 Nf6 5. d4 exd4 6. cxd4 Bb4+ 7. Nc3 Nxe4 8. 0-0 Bxc3 9. d5 0-0 10. bxc3 Na5 11. Bd3 f5 12. Re1 d6 13. Nd4 Qf6 14. Bb2 c5 15. f3 cxd4 16. fxe4 fxe4 17. Rf1 Qg6 18. Rxf8+ Kxf8 19. Bf1 d3 20. Qa4 b6 21. Re1 Bf5 22. Re3 Rc8 23. Rg3 Qf6 24. Bc1 Qxc3 25. Be3 Nc4 26. Bf4 Qd4+ 27. Kh1 Qxd5 28. Qxa7 Qf7 29. Qa6 d5 30. Rg5 h6 31. Rg3 Be6 0-1

[Event "Medimurska CupT"]
[Site "Cakovec"]
[Date "2011.02.20"]
[Round "3"]
[White "Hergotic, Ivica"]
[Black "Turk, Karlo"]
[Result "0-1"]
[WhiteElo "2058"]
[BlackElo "1993"]
[PlyCount "183"]
[EventDate "2011.02.06"]
[EventType "team-swiss"]
[EventRounds "5"]
[EventCountry "CRO"]
[SourceTitle "EXT 2012"]
[Source "ChessBase"]
[SourceDate "2011.11.24"]
[SourceVersion "1"]
[SourceVersionDate "2011.11.24"]
[SourceQuality "1"]

1. e4 e6 2. f4 b6 3. Nf3 Bb7 4. Qe2 d6 5. d4 Nf6 6. Nbd2 Nbd7 7. c4 c5 8. e5 Ng4 9. d5 dxe5 10. dxe6 fxe6 11. Ng5 Nh6 12. Qh5+ g6 13. Qh3 Qf6 14. Nxe6 Bd6 15. Bd3 Nf5 16. Bxf5 gxf5 17. Qxf5 Qxf5 18. Ng7+ Kf7 19. Nxf5 Ke6 20. Nxd6 Kxd6 21. fxe5+ Nxe5 22. 0-0 Rhg8 23. g3 Rgf8 24. Re1 Rae8 25. b3 Nd3 26. Rxe8 Rxe8 27. Ba3 Re2 28. Rd1 Rg2+ 29. Kf1 Rxh2 30. b4 cxb4 31. Bxb4+ Kc7 32. Bc3 Rf2+ 33. Kg1 Rg2+ 34. Kf1 Rxg3 35. Bd4 Bg2+ 36. Ke2 Kc6 37. Be3 Nc5 38. Rg1 Rg6 39. Kf2 Be4 40. Rg5 Rxg5 41. Bxg5 Bb1 42. a3 Be4 43. Ke3 Bg2 44. Bh6 Ne6 45. Nb3 Nc5 46. Nd4+ Kb7 47. Kf2 Bh3 48. Bf8 Nd7 49. Be7 Nc5 50. Nf3 Bd7 51. Ke3 Be6 52. Kd4 Nd7 53. Ng5 Bg8 54. Ne4 Nb8 55. Kc3 h5 56. Nf6 Bf7 57. Ne4 Kc6 58. Kd4 Kd7 59. Bh4 Nc6+ 60. Kc3 Ne5 61. c5 Bg6 62. Nf6+ Ke6 63. cxb6 axb6 64. a4 Nf3 65. Nxh5 Nxh4 66. Kb4 Bxh5 67. Kb5 Be8+ 68. Kxb6 Bxa4 69. Kc5 Nf5 70. Kc4 Ke5 71. Kb4 Bc6 72. Kc4 Bd5+ 73. Kc5 Ne3 74. Kb4 Kd4 75. Kb5 Nf5 76. Kb6 Bc4 77. Kc6 Bd5+ 78. Kb6 Nd6 79. Kc7 Kc5 80. Kd7 Nf5 81. Kc7 Bc6 82. Kd8 Kd6 83. Kc8 Ne3 84. Kd8 Nc4 85. Kc8 Ne5 86. Kd8 Nf7+ 87. Kc8 Be4 88. Kb8 Kc6 89. Ka7 Bd3 90. Kb8 Ba6 91. Ka8 Kb6 92. Kb8 0-1